Super Bowl Winners Quiz - Sprint - Statistics

General Stats
  • This quiz has been taken 1,009 times
    101 since last reset
  • The average score is 50 of 60
Answer Stats
Year Winner % Correct
2019 Chiefs
100%
2023 Chiefs
99%
2022 Chiefs
99%
1969 Chiefs
99%
2018 Patriots
99%
2016 Patriots
99%
2014 Patriots
99%
2004 Patriots
99%
2003 Patriots
99%
2001 Patriots
99%
2024 Eagles
97%
2017 Eagles
97%
2008 Steelers
94%
2005 Steelers
94%
1979 Steelers
94%
1978 Steelers
94%
1975 Steelers
94%
1974 Steelers
94%
2010 Packers
93%
1996 Packers
93%
1967 Packers
93%
1966 Packers
93%
2025 Seahawks
93%
2013 Seahawks
93%
2021 Rams
90%
1999 Rams
90%
1995 Cowboys
85%
1993 Cowboys
85%
1992 Cowboys
85%
1977 Cowboys
85%
1971 Cowboys
85%
2012 Ravens
85%
2000 Ravens
85%
2015 Broncos
84%
1998 Broncos
84%
1997 Broncos
84%
1994 49ers
81%
1989 49ers
81%
1988 49ers
81%
1984 49ers
81%
1981 49ers
81%
2020 Buccaneers
76%
2002 Buccaneers
76%
2006 Colts
72%
1970 Colts
72%
2011 Giants
72%
2007 Giants
72%
1990 Giants
72%
1986 Giants
72%
2009 Saints
69%
1985 Bears
64%
1983 Raiders
63%
1980 Raiders
63%
1976 Raiders
63%
1968 Jets
60%
1973 Dolphins
58%
1972 Dolphins
58%
1991 Redskins
57%
1987 Redskins
57%
1982 Redskins
57%
No matching quizzes found
Score Distribution
Percent of People with Each Score
Percentile by Number Answered
Your Score History
You have not taken this quiz since the last reset